Normal view
MARC view
Entry Personal Name
001 - CONTROL NUMBER
- control field: 81852
003 - CONTROL NUMBER IDENTIFIER
- control field: dpl
005 - DATE AND TIME OF LATEST TRANSACTION
- control field: 20250610153209.0
008 - FIXED-LENGTH DATA ELEMENTS
- fixed length control field: 250610|| aca||aabn | a|a d
040 ## - CATALOGING SOURCE
- Original cataloging agency: dpl
- Transcribing agency: dpl
100 ## - HEADING--PERSONAL NAME
- Personal name: Barrett, T.R
670 ## - SOURCE DATA FOUND
- Source citation: Work cat.: (dpl)143360: Barrett, T.R., Calcutta:, 2004
